| 000 | 01378cam a2200361 a 4500 | ||
|---|---|---|---|
| 999 |
_c115361 _d115361 |
||
| 003 | BJBSDDR | ||
| 005 | 20230411090726.0 | ||
| 007 | ta | ||
| 008 | 060907s2016 dr a b 000 0 spa | ||
| 020 | _a9789945462913 | ||
| 029 | 1 |
_aAU@ _b000021684582 |
|
| 035 | _a(OCoLC)ocm44724841 | ||
| 035 | _a(OCoLC)44724841 | ||
| 040 |
_aDLC _cDLC _bspa |
||
| 041 | _aspa | ||
| 043 |
_an-us--- _anwdr--- |
||
| 050 | 1 | 4 |
_a118 E 183.8 _bG861g 2016 |
| 082 | 0 | 0 | _a327.7307293 |
| 100 | 1 |
_aGrimaldi, Victor, _d1949- |
|
| 245 | 1 | 0 |
_aGolpe y revolución : _bel derrocamiento de Juan Bosch y la intervención norteamericana / _cVíctor Grimaldi. |
| 250 | _a2 ed. | ||
| 260 |
_aSanto Domingo, República Dominicana : _b[s.n.], _c2016 _e(Santo Domingo : _fEditora Corripio) |
||
| 300 |
_a615 p. : _bill. ; _c23 cm. |
||
| 504 | _aIncludes bibliographical references (p. [491]-498). | ||
| 600 | 1 | 0 |
_aBosch Gaviño, Juan Emilio, _d1909-2001 |
| 651 | 0 |
_aUnited States _xForeign relations _zDominican Republic. |
|
| 651 | 4 |
_aRepública Dominicana _xRelaciones exteriores _zEstados Unidos _91275 |
|
| 651 | 4 |
_aRepública Dominicana _xPolítica y gobierno _y1961- _91068 |
|
| 651 | 0 |
_aDominican Republic _xForeign relations _zUnited States. |
|
| 651 | 0 |
_aDominican Republic _xPolitics and government _y1961- |
|
| 651 | 0 |
_aDominican Republic _xPolitics and government _y1930-1961. |
|
| 942 |
_2lcc _cBK |
||